000 00847nam a2200241Ia 4500
003 OSt
005 20221005104901.0
006 a|||||r|||| 00| 0
007 ta
008 221004b |||||||| |||| 00| 0 hin d
024 _a32357
037 _cTextual
040 _aCRL
_cCRL
_bhin
041 _2hin
_ahin
082 _aO152,3M80:g, L4
100 _aगोयनका, कमलकिशोर
245 0 _aप्रेमचंद के उपन्यासों का शिल्प विधान
246 _aPremachanda ke upanyāsoan kā shilpa vidhāna
260 _aदिल्ली
_bसरस्वती प्रेस भारत
_c1974
300 _a574पृ.
_ccm.
942 _hO152,3M80:g, L4
_cTEXL
_2cc
999 _c1014066
_d1014066